| 000 | 00607nam a22002177a 4500 | ||
|---|---|---|---|
| 001 | 87652 | ||
| 003 | UA-OsUOA | ||
| 005 | 20211108222911.0 | ||
| 007 | ta | ||
| 008 | 20120920b un ||||| |||| 00| 0 ukr d | ||
| 040 |
_aUA-OsUOA _brus _cUA-OsUOA _dUA-OsUOA |
||
| 041 | _arus | ||
| 080 | _a94(470+571) | ||
| 090 |
_a94(470+571) _bС25 |
||
| 245 |
_aСвязи революционеров России и Польши ХІХ - ХХ в. _cпод ред. Дьякова В. А. |
||
| 260 |
_aМ. _bНаука _c1968 |
||
| 300 | _a417 с. | ||
| 650 | 7 |
_a94 Історія _2UDC |
|
| 942 |
_cBK _2udc |
||
| 955 | _a5 | ||
| 999 |
_c373940 _d373940 |
||